Une carrière #3 Johan Cruyff - Statistiques

Statistiques générales
  • Ce quiz a été pris 210 fois
  • Le résultat moyen est 16 sur 30
Statistiques - réponses
Hint Réponse % Correct
Nationalité Pays-Bas
95%
1964-1973 Ajax Amsterdam
94%
1981-1983 Ajax Amsterdam
94%
1985-1988 Ajax Amsterdam
94%
1973-1978 FC Barcelone
92%
1988-1996 FC Barcelone
92%
1971, 1972, 1973 Ligue des Champions
76%
1992 Ligue des Champions
76%
1974 Liga
70%
1991, 1992, 1993, 1994 Liga
70%
1966, 1967, 1968, 1970, 1972, 1973, 1982, 1983, 1984 Eredivisie
65%
1985 Eredivisie
65%
Pied fort Ambidextre
61%
1967, 1970, 1971, 1972, 1983, 1984 Coupe des Pays-Bas
55%
1986, 1987 Coupe des Pays-Bas
55%
1978 Coupe d'Espagne
49%
1990 Coupe d'Espagne
49%
1983-1984 Feyenoord
48%
1971, 1973, 1974 Ballon d'or
45%
1973 Supercoupe d'Europe
38%
1992 Supercoupe d'Europe
38%
1991, 1992, 1994 Supercoupe d'Espagne
37%
Nom dans sa langue d'origine Johan Cruijff
20%
1972 Coupe Intercontinentale
15%
1981 (prêt) Levante
15%
1979-1980 Los Angeles Aztecs
14%
2009-2013 Catalogne
11%
1980-1981 Washington Diplomats
10%
1987 Coupe des vainqueurs de Coupes
5%
1989 Coupe des vainqueurs de Coupes
5%
Aucun quiz correspondant
Distribution des résultats
% des personnes avec chaque résultat
Percentile par nombre de réponses
Votre historique - résultats
Vous n’avez pas pris ce quiz